000 00585nam a22002177a 4500
003 UA-OsUOA
001 136206
007 ta
008 20190314b un ||||| |||| 00| 0 ukr d
090 _a82-09
_bШ78
942 _cBK
040 _aUA-OsUOA
_brus
_cUA-OsUOA
_dUA-OsUOA
245 _aШон О'Кейси
_bбиблиографический указатель
300 _a96 с.
955 _a1
041 _arus
080 _a82-09
260 _aМ.
_bКнига
_c1964
650 7 _a82 Література. Літературознавство
_2UDC
999 _c418742
_d418742